000 00324nam a2200133Ia 4500
008 191201s2013 xx 000 0 und d
082 _a004
_bSIC
100 _aSINHA ,Pardeep Kumar
245 0 _aComputer Fundamentals
250 _aRep
260 _c2013
_bBPB PUBLICATIOM
_aNEW DELHI
300 _a490
942 _2ddc
_cBK
_0105
999 _c8127
_d8127